[Event "FIDE WCCC Open-10 2024"]
[Site "Montesilvano"]
[Date "2024.11.18"]
[Round "1.22"]
[White "Lin, Julian M"]
[Black "Mikkelsen, Anders Askjaer"]
[Result "0-1"]
[WhiteElo "2017"]
[BlackElo "1745"]
[PlyCount "48"]
[EventDate "2024.11.18"]
[EventType "swiss"]
[EventCountry "ITA"]

1. e4 e6 2. Nf3 d5 3. Nc3 c5 4. g3 Nc6 5. Bg2 Nf6 6. d3 b5 7. O-O b4 8. Nb5 a6 9. e5 axb5 10. exf6 Qxf6 11. Bg5 Qxb2 12. Bc1 Qxa1 13. Re1 Bd6 14. Nd2 O-O 15. Nb3 Qb1 16. Nd2 Qxa2 17. Nf3 c4 18. d4 b3 19. c3 b2 20. Bd2 Qa1 21. Qc2 Ra2 22. Rxa1 bxa1=Q+ 23. Ne1 Rxc2 24. Bf1 Rxd2 0-1

[Event "FIDE WCCC Open-10 2024"]
[Site "Montesilvano"]
[Date "2024.11.19"]
[Round "5.31"]
[White "Cao, Frank Zhongtian"]
[Black "Otetileu, Amanbek"]
[Result "1/2-1/2"]
[Annotator "NA RC"]
[WhiteElo "1793"]
[BlackElo "1632"]
[PlyCount "63"]
[EventDate "2024.11.18"]
[EventType "swiss"]
[EventCountry "ITA"]
[SourceTitle "playchess.com"]
[Source "ChessBase"]
[SourceQuality "1"]

1. e4 c5 2. Nf3 d6 3. d4 cxd4 4. Nxd4 Nf6 5. Nc3 Nc6 6. Bg5 e6 7. Qd2 Be7 8. O-O-O Nxd4 9. Qxd4 O-O 10. f3 Qa5 11. Be3 Bd7 12. Kb1 Rfc8 13. Qd2 b6 14. Ne2 Qxd2 15. Rxd2 d5 16. e5 Ne8 17. Bd4 Bc5 18. f4 Kf8 19. g3 Ke7 20. Bg2 h5 21. Bxc5+ Rxc5 22. Nd4 a5 23. Bf3 g6 24. h3 Ng7 25. g4 Rh8 26. g5 a4 27. a3 b5 28. h4 Rb8 29. c3 Rc4 30. Be2 Rcc8 31. Bf3 Rc4 32. Be2 1/2-1/2

[Event "FIDE WCCC Open-10 2024"]
[Site "Montesilvano"]
[Date "2024.11.19"]
[Round "5.31"]
[White "McFadden, Oisin"]
[Black "Lin, Julian M"]
[Result "1-0"]
[Annotator "NA RC"]
[WhiteElo "1464"]
[BlackElo "2017"]
[PlyCount "27"]
[EventDate "2024.11.18"]
[EventType "swiss"]
[EventCountry "ITA"]
[SourceTitle "playchess.com"]
[Source "ChessBase"]
[SourceQuality "1"]

1. e4 e5 2. Nf3 Nc6 3. Bc4 Bc5 4. c3 Nf6 5. d3 O-O 6. Nbd2 Ng4 7. O-O d6 8. h3 Nf6 9. a4 h6 10. b4 Bd4 11. cxd4 exd4 12. b5 Nb4 13. Nxd4 c5 14. bxc6 1-0

[Event "FIDE WCCC Open-10 2024"]
[Site "Montesilvano"]
[Date "2024.11.19"]
[Round "5.33"]
[White "Aghoyan, Gevorg"]
[Black "Ten Dam, Bram"]
[Result "0-1"]
[Annotator "RC"]
[WhiteElo "1682"]
[BlackElo "2012"]
[PlyCount "92"]
[EventDate "2024.11.18"]
[EventType "swiss"]
[EventCountry "ITA"]
[SourceTitle "playchess.com"]
[Source "ChessBase"]
[SourceQuality "1"]

1. e4 c5 2. Nf3 d6 3. d4 cxd4 4. Nxd4 Nf6 5. Nc3 g6 6. Be3 Bg7 7. Bc4 Nc6 8. Bb3 Ng4 9. Nxc6 bxc6 10. Qd2 Nxe3 11. Qxe3 Qa5 12. O-O O-O 13. Rab1 Ba6 14. Ne2 Qb6 15. Qf3 Qc5 16. Rfd1 Rab8 17. Nf4 Bc8 18. Nd3 Qb6 19. h3 a5 20. c3 Qb5 21. Qe3 a4 22. Bc2 c5 23. Nf4 Bh6 24. Qg3 Bxf4 25. Qxf4 Be6 26. b3 axb3 27. axb3 Ra8 28. c4 Qb4 29. Ra1 Qc3 30. Rxa8 Rxa8 31. Rc1 Kf8 32. Qh6+ Qg7 33. Qd2 Ra2 34. Qd1 Qb2 35. Kh2 h5 36. Kh1 Bc8 37. Kh2 Ke8 38. Kh1 g5 39. e5 dxe5 40. Be4 Ra6 41. Rb1 Qd4 42. Qf3 g4 43. hxg4 hxg4 44. Qe2 Rh6+ 45. Kg1 g3 46. Bc6+ Rxc6 0-1

[Event "FIDE WCCC Open-10 2024"]
[Site "Montesilvano"]
[Date "2024.11.19"]
[Round "5.35"]
[White "Chakhalov, Mikael"]
[Black "Skouroupathis, Kyriakos"]
[Result "1-0"]
[Annotator "NA RC"]
[WhiteElo "1962"]
[BlackElo "1695"]
[PlyCount "45"]
[EventDate "2024.11.18"]
[EventType "swiss"]
[EventCountry "ITA"]
[SourceTitle "playchess.com"]
[Source "ChessBase"]
[SourceQuality "1"]

1. c4 e5 2. g3 Nc6 3. Bg2 f5 4. Nc3 Nf6 5. d3 Bb4 6. Bd2 O-O 7. Nf3 d5 8. cxd5 Nxd5 9. Nxe5 Nxc3 10. bxc3 Nxe5 11. cxb4 Re8 12. O-O c6 13. Bc3 Qe7 14. Re1 Qd6 15. h3 Be6 16. Qd2 Bd5 17. e4 Be6 18. d4 Nc4 19. Qg5 g6 20. d5 cxd5 21. Qf6 Re7 22. exd5 Rf8 23. Qh4 1-0

[Event "FIDE WCCC Open-10 2024"]
[Site "Montesilvano"]
[Date "2024.11.19"]
[Round "5.36"]
[White "Guirado Lara, Pablo"]
[Black "Megagiannis, Maximos"]
[Result "1-0"]
[Annotator "NA RC"]
[WhiteElo "1832"]
[BlackElo "1682"]
[PlyCount "61"]
[EventDate "2024.11.18"]
[EventType "swiss"]
[EventCountry "ITA"]
[SourceTitle "playchess.com"]
[Source "ChessBase"]
[SourceQuality "1"]

1. e4 c5 2. c3 d5 3. e5 Bf5 4. Nf3 Nc6 5. d4 e6 6. a3 Qb6 7. b4 cxd4 8. cxd4 Rc8 9. Qa4 Be4 10. Nbd2 Nge7 11. Bb2 Nf5 12. Be2 Be7 13. g4 Bxf3 14. Nxf3 Nh4 15. Nxh4 Bxh4 16. O-O O-O 17. b5 Na5 18. Rac1 Be7 19. Rc3 Rxc3 20. Bxc3 Nc4 21. Bxc4 dxc4 22. Qxc4 Bxa3 23. Ra1 Qd8 24. Rxa3 Qg5 25. Be1 Qxg4+ 26. Rg3 Qe4 27. Bb4 Qb1+ 28. Kg2 Qe4+ 29. f3 Qb1 30. Bxf8 Qb2+ 31. Kh1 1-0

[Event "FIDE WCCC Open-10 2024"]
[Site "Montesilvano"]
[Date "2024.11.19"]
[Round "5.38"]
[White "Iliev, Stoyan"]
[Black "Guntaka, Aayansh"]
[Result "1-0"]
[Annotator "NA RC"]
[WhiteElo "1671"]
[BlackElo "1798"]
[PlyCount "119"]
[EventDate "2024.11.18"]
[EventType "swiss"]
[EventCountry "ITA"]
[SourceTitle "playchess.com"]
[Source "ChessBase"]
[SourceQuality "1"]

1. e4 e6 2. d4 d5 3. exd5 exd5 4. Be3 Bd6 5. Nf3 Ne7 6. Bd3 O-O 7. O-O Bf5 8. Re1 Bxd3 9. Qxd3 Qd7 10. Nc3 c6 11. Bg5 f6 12. Bd2 Nf5 13. a3 Na6 14. b4 Nc7 15. Re2 a5 16. Na4 Ra6 17. bxa5 g6 18. Bb4 Ne6 19. g3 Nfg7 20. Rae1 g5 21. Nb6 Qe7 22. c3 f5 23. Ne5 f4 24. Nxc6 Qc7 25. Ne5 Bxb4 26. axb4 Qd6 27. Qb5 Rd8 28. Ng4 f3 29. Re3 h5 30. Nh6+ Kf8 31. Rxf3+ Nf4 32. gxf4 g4 33. Rfe3 Qxh6 34. Qc5+ Kg8 35. Qc7 Rf8 36. Nxd5 Rd6 37. Ne7+ Kh8 38. f5 Nxf5 39. Nxf5 Rxf5 40. Re8+ Rf8 41. Qxb7 Rdf6 42. Qe7 Rxf2 43. a6 Qf4 44. Rxf8+ Qxf8 45. Qxf8+ Rxf8 46. b5 Rc8 47. a7 g3 48. hxg3 h4 49. gxh4 Rg8+ 50. Kh2 Kh7 51. b6 Kh6 52. b7 Kg6 53. Rg1+ Kf5 54. Rxg8 Ke4 55. b8=Q Kd3 56. Qb4 Ke3 57. Rg3+ Kf4 58. Qe7 Kf5 59. a8=Q Kf4 60. Qaf8# 1-0

[Event "FIDE WCCC Open-10 2024"]
[Site "Montesilvano"]
[Date "2024.11.19"]
[Round "5.43"]
[White "Katta, Sriansh"]
[Black "Vedrickas, Vytis"]
[Result "0-1"]
[Annotator "NA RC"]
[WhiteElo "1766"]
[BlackElo "1642"]
[PlyCount "128"]
[EventDate "2024.11.18"]
[EventType "swiss"]
[EventCountry "ITA"]
[SourceTitle "playchess.com"]
[Source "ChessBase"]
[SourceQuality "1"]

1. e4 c5 2. Nc3 g6 3. f4 Bg7 4. Nf3 Nc6 5. Bc4 e6 6. O-O Nge7 7. d3 O-O 8. Qe1 d5 9. Bb3 Nd4 10. Nxd4 cxd4 11. Nd1 dxe4 12. dxe4 b5 13. Nf2 a5 14. a4 Bd7 15. Bd2 bxa4 16. Bxa4 Bxa4 17. Rxa4 Nc6 18. Nd3 Re8 19. Qf2 Ne7 20. Ne5 Qc7 21. c3 Qb7 22. Nc4 Qxe4 23. Nd6 Qc6 24. Nxe8 Qxa4 25. Nxg7 Kxg7 26. f5 exf5 27. Qh4 Ng8 28. cxd4 Re8 29. Bc3 f6 30. Qg3 Qd7 31. Rd1 Ne7 32. Qf3 a4 33. d5 Rd8 34. d6 Nc8 35. Bb4 Qb5 36. Qc3 Qe2 37. Qc7+ Kh6 38. Re1 Qxb2 39. Qxd8 Qxb4 40. Rd1 Qb3 41. Rf1 Qe3+ 42. Kh1 Qd3 43. Qf8+ Kg5 44. h4+ Kh5 45. Rc1 Nxd6 46. Qxf6 Ne4 47. Qe7 h6 48. Qe5 Qe3 49. Qc7 Nf2+ 50. Kh2 Ng4+ 51. Kh1 Qf2 52. Qd6 Qxh4+ 53. Kg1 Qf2+ 54. Kh1 Qe3 55. Qc7 Nf2+ 56. Kh2 Nd3 57. Rf1 Ne5 58. Qc2 Ng4+ 59. Kh1 Qe5 60. g3 Qd5+ 61. Kg1 a3 62. Qc3 a2 63. Ra1 Qb5 64. Qc2 Qe5 0-1

[Event "FIDE WCCC Open-10 2024"]
[Site "Montesilvano"]
[Date "2024.11.23"]
[Round "8.5"]
[White "Nguyen Quang Anh"]
[Black "Zuo, Junyu"]
[Result "1-0"]
[Annotator "RC"]
[WhiteElo "1889"]
[BlackElo "2120"]
[PlyCount "77"]
[EventDate "2024.11.18"]
[EventType "swiss"]
[EventCountry "ITA"]
[SourceTitle "playchess.com"]
[Source "ChessBase"]
[SourceQuality "1"]

1. d4 Nf6 2. c4 e6 3. Nc3 Bb4 4. f3 c5 5. d5 d6 6. e4 b5 7. cxb5 exd5 8. exd5 O-O 9. Bd3 Bb7 10. Bg5 Nbd7 11. Nge2 Qb6 12. Bc4 Ne5 13. b3 Qa5 14. Rc1 Nxc4 15. bxc4 Bxc3+ 16. Nxc3 Rfe8+ 17. Kf2 Nd7 18. Ne4 Qc7 19. Bf4 Ne5 20. Bxe5 Rxe5 21. Qd2 a6 22. a4 axb5 23. axb5 Ra4 24. Rhe1 Bc8 25. Nxd6 Rxe1 26. Rxe1 Bd7 27. Qf4 f6 28. Re7 Ra2+ 29. Kg3 Qd8 30. Qe3 h5 31. h4 Bg4 32. Re8+ Qxe8 33. Qxe8+ Kh7 34. fxg4 hxg4 35. b6 Rb2 36. b7 Rb3+ 37. Kxg4 f5+ 38. Nxf5 Rxb7 39. d6 1-0

[Event "FIDE WCCC Open-10 2024"]
[Site "Montesilvano"]
[Date "2024.11.23"]
[Round "8.30"]
[White "Lin, Julian M"]
[Black "Dien James"]
[Result "0-1"]
[Annotator "RC"]
[WhiteElo "2017"]
[BlackElo "1513"]
[PlyCount "54"]
[EventDate "2024.11.18"]
[EventType "swiss"]
[EventCountry "ITA"]
[SourceTitle "playchess.com"]
[Source "ChessBase"]
[SourceQuality "1"]

1. e4 d5 2. Nc3 d4 3. Nd5 c6 4. Nb4 e5 5. Nf3 Bxb4 6. c3 dxc3 7. bxc3 Bc5 8. Bc4 Bg4 9. h3 Bxf3 10. Qxf3 Qf6 11. Qe2 Ne7 12. O-O Ng6 13. d3 Nf4 14. Qg4 O-O 15. Be3 Bxe3 16. fxe3 Nxh3+ 17. gxh3 Qg6 18. Qxg6 hxg6 19. d4 b5 20. Bb3 exd4 21. exd4 Nd7 22. e5 Nb6 23. e6 Nc4 24. e7 Rfe8 25. Rae1 Rab8 26. a4 a6 27. axb5 axb5 0-1

[Event "FIDE WCCC Open-10 2024"]
[Site "Montesilvano"]
[Date "2024.11.23"]
[Round "8.38"]
[White "Ivanovic, Leonid"]
[Black "Makhsatuly, Rakhim"]
[Result "1/2-1/2"]
[Annotator "RC"]
[WhiteElo "1990"]
[BlackElo "1683"]
[PlyCount "128"]
[EventDate "2024.11.18"]
[EventType "swiss"]
[EventCountry "ITA"]
[SourceTitle "playchess.com"]
[Source "ChessBase"]
[SourceQuality "1"]

1. d4 Nf6 2. c4 g6 3. Nc3 Bg7 4. e4 d6 5. Be2 O-O 6. Bg5 Nbd7 7. Qd2 c5 8. d5 Qa5 9. Nf3 a6 10. O-O Rb8 11. a4 Qc7 12. Bh6 Re8 13. Bxg7 Kxg7 14. Qf4 h6 15. Rad1 e6 16. dxe6 Rxe6 17. h3 Qc6 18. Bd3 Ne5 19. Nxe5 dxe5 20. Qe3 b6 21. Bc2 Bb7 22. Nd5 Ree8 23. f4 Ng8 24. f5 Rbd8 25. h4 Rd6 26. Qf3 Rf8 27. h5 g5 28. f6+ Kh8 29. Qc3 Re6 30. Rf5 Rfe8 31. Rdf1 Qd6 32. Qf3 b5 33. axb5 axb5 34. cxb5 Bxd5 35. exd5 e4 36. Qb3 Re5 37. Rxe5 Qxe5 38. d6 Qd4+ 39. Kh1 c4 40. Qc3 Qxd6 41. Qxc4 Qe6 42. Qxe6 Rxe6 43. Bb3 Rb6 44. Bxf7 Nxf6 45. Kg1 Kg7 46. Bc4 Nxh5 47. Rf7+ Kg6 48. Rc7 Kf6 49. Rc6+ Rxc6 50. bxc6 Ke7 51. b4 Kd6 52. b5 e3 53. Kf1 Ng3+ 54. Ke1 h5 55. Bd5 Kc7 56. Kd1 g4 57. Kc2 h4 58. Be6 h3 59. gxh3 gxh3 60. Bxh3 e2 61. Kd2 Ne4+ 62. Ke1 Nc3 63. Bg4 Nxb5 64. Kxe2 Kxc6 1/2-1/2